000 00940pam a2200289 a 4500
001 3313858
003 OSt
005 20140310182043.0
008 840508s1984 miu b 000 0 eng
010 _a 84010486
020 _a0892831642 (pbk.)
040 _aDLC
_cDLC
_dDLC
050 0 0 _aBV 3790
_b.B456 1984
082 0 0 _aHS 248.5
_b.B45 1984
100 1 _aBerlucchi, Jim.
_911346
245 1 0 _aPerson to person :
_bhow to be effective in evangelism /
_cJim Berlucchi.
260 _aAnn Arbor, Mich. :
_bServant Books,
_cc1984.
300 _a121 p. ;
_c17 cm.
440 4 _aThe Living as a Christian series
_911347
504 _aIncludes bibliographical references.
541 _j1
562 _eFor circulation. One copy available in the collection
650 0 _aEvangelistic work.
_910670
650 0 _aWitness bearing (Christianity)
_910645
906 _a7
_bcbc
_corignew
_d1
_eocip
_f19
_gy-gencatlg
942 _2lcc
_cHS
_kHS
999 _c8821
_d8821